| 000 | 01696nam a2200241Ia 4500 | ||
|---|---|---|---|
| 008 | 260220t2000||||xx |||||||||||||| ||spa|| | ||
| 040 |
_aPY-SlUNAC _bspa _erda |
||
| 041 | _aspa | ||
| 082 |
_a576 _bOs84p |
||
| 100 |
_aOssa Londoño, Jorge _eAutor |
||
| 245 | 0 |
_aPrincipios de virología / _cpor Jorge Ossa Londoño [Autor] |
|
| 264 |
_aMedellín : _bGráficos, _c℗2000. |
||
| 300 | _a1 volumen | ||
| 520 | _a"Principios de virología" de Jorge Ossa Londoño es una obra fundamental que aborda los aspectos esenciales de la virología, disciplina que estudia los virus y su interacción con los organismos. El autor presenta un enfoque sistemático que inicia con la clasificación y estructura de los virus, seguido de sus ciclos de replicación y mecanismos de patogenicidad. A lo largo del texto, se enfatiza la importancia de los virus en la biología y la medicina, explorando su impacto en la salud pública y las enfermedades infecciosas. Además, se discuten las técnicas de diagnóstico y los métodos de control y prevención de infecciones virales. Ossa Londoño también resalta los avances en investigación virológica y las implicaciones de los virus en la biotecnología y la genética. Con un estilo claro y accesible, este libro se convierte en una herramienta valiosa tanto para estudiantes como para profesionales interesados en el estudio de la virología y sus aplicaciones prácticas en el campo de la salud. | ||
| 653 | _aMicrobiología | ||
| 653 | _aSalud pública | ||
| 653 | _aVirología | ||
| 942 |
_b2026/02/17 _cBK |
||
| 999 |
_c8200 _d8200 |
||